000 01409ngm a22003610a 4500
001 PT23393
003 AR-LpoUNG
005 20210202000349.0
007 vd cvaizq
008 191001s1994||||ag |||||||||||||||||spa d
037 _c$15
040 _aAR-LpoUNG
_bspa
_cAR-LpoUNG
_eaacr
041 _aspa
044 _aag
082 0 _a307.76 778tro28
100 1 _aPolosecki, Fabián
245 1 0 _aAgua de puerto
260 _aBuenos Aires :
_bs.n.,
_c1994.
300 _aDVD : son., col.
505 0 _aProducción: Gabriel Mazzaglia. - Coordinación: Irene Bais.
520 _aPrograma de televisión del ciclo ®El otro lado», con idea, producción y entrevistas de Fabián Polosecki. Combina el registro documental con elementos de ficción para registrar situaciones, espacios y personajes desconocidos de la vida cotidiana de la ciudad. Registro documental de entrevistas, música incidental y relato en off a cargo de Fabián Polosecki. Incluye cuadros de historieta en blanco y negro de las imágenes del programa e imágenes de archivo de la Buenos Aires de principios de Siglo XX.
650 4 _aARGENTINA
650 4 _aMEDIO URBANO
650 4 _aPOBLACION URBANA
650 4 _aSOCIOLOGIA URBANA
651 4 _aArgentina
653 _aCINE ARGENTINO
653 _aDOCUMENTALES
653 _aVIDEOS
710 2 _aVideo In (firma comercial)
905 _a23393
942 _cDVD
999 _c54705
_d54705